| 000 | 01156cam a22002775a 4500 | ||
|---|---|---|---|
| 001 | 13621679 | ||
| 005 | 20180508125209.0 | ||
| 008 | 040610t2004 gw a frb 001 0 eng d | ||
| 020 | _a3527404309 | ||
| 020 | _a9783527404308 | ||
| 040 |
_aUKM _cUKM _dOHX _dOCLCQ _dIXA _dDLC _dEG-ScBUE _beng |
||
| 082 | 0 | 4 |
_222 _a670.15118 _bNON |
| 245 | 0 | 0 |
_aNonlinear dynamics of production systems / _cedited by G. Radons and R. Neugebauer. |
| 260 |
_aWeinheim : _bWiley-VCH, _cc.2004. |
||
| 300 |
_axxvii, 609 p. : _bill. ; _c25 cm. |
||
| 504 | _aIncludes bibliographical references and index. | ||
| 650 | 7 |
_aManufacturing processes _xMathematical models. _2BUEsh |
|
| 650 | 7 |
_aProduction engineering _xMathematical models. _2BUEsh |
|
| 653 |
_bGGEN _cMay2018 |
||
| 700 | 1 |
_aRadons, G. _q(Gunter) _eeditor. |
|
| 700 | 1 |
_aNeugebauer, R. _q(Reimund) _eeditor. |
|
| 856 | 4 | 2 |
_3Contributor biographical information _uhttp://www.loc.gov/catdir/bios/wiley046/2004425134.html |
| 856 | 4 | 2 |
_3Publisher description _uhttp://www.loc.gov/catdir/description/wiley041/2004425134.html |
| 856 | 4 | 1 |
_3Table of contents _uhttp://www.loc.gov/catdir/toc/wiley041/2004425134.html |
| 942 | _2ddc | ||
| 999 |
_c26665 _d26637 |
||